00314 a2200133 450000100060000002000180000604000240002410000190004824000360006724500310010330000060013436200090014065000310014946655 a9788561521875 cAnchieta - Aquarius aOrthof, Sylvia10aUma história de telhadoslpor10aUma história de telhados a 0 a2012 4aLiteratura infanto-juvenil